000
00279nam a2200109Ia 4500
008
220204s9999 xx 000 0 und d
082
_a
301
_b
PEE
100
_a
Peeters, P
245
0
_a
Can we avoid a third world war around 2010?
260
_a
London
_b
Macmillan
_c
1979
942
_c
BK
999
_c
34893
_d
34893